000 00987nam a2200229Ia 4500
999 _c40479
_d40479
001 7090
003 GE_BSU
005 20231020120428.0
008 181216s? ||||ge |||||||||||||| ||geo||
040 _cGE_BSU
041 _ageo
080 _a81'374.822=353.1=112.2(038) ხ-96
100 _aხუციშვილი, ო.
_920160
245 _aქართულ-გერმანული ლექსიკონი /
_cშედგენილი ო. ხუციშვილისა და თ. ხატიაშვილის მიერ.
264 _aთბილისი :
_b[განათლება],
_c[1977].
300 _a534 გვ. ;
_c20 სმ.
541 _h10ლ.
653 _aქართულ-გერმანული ლექსიკონი
700 _aხუციშვილი, ო.
_eშემდგენელი
_920160
700 _aხატიაშვილი, თ.
_eშემდგენელი
_920161
942 _cBK
_2udc